Análisis de prefactibilidad técnica y financiera de la producción de madera aglomerada a partir de residuos reciclados

Đã lưu trong:
Chi tiết về thư mục
Tác giả chính: Vargas Darcia, Maricela, 1990-
Tác giả khác: Mata Abdelnour, Erick, 1973- Director del TFG
Định dạng: Sách
Ngôn ngữ:Spanish
Được phát hành: [San José ], Costa Rica 2019
Những chủ đề:
Các nhãn: Thêm thẻ
Không có thẻ, Là người đầu tiên thẻ bản ghi này!

MARC

LEADER 00000nam a22000007a 4500
003 013060
005 20230427112953.0
008 190517b2019 cr a|||| |m|| 00| ||spa d
040 |c cru CEDI 
100 |9 453  |a Vargas Darcia, Maricela, 1990- 
245 |a Análisis de prefactibilidad técnica y financiera de la producción de madera aglomerada a partir de residuos reciclados 
260 |a [San José ], Costa Rica  |c 2019 
500 |a Proyecto de graduación (licenciatura en ingeniería civil)--Universidad de Costa Rica. Facultad de Ingeniería. Escuela de Ingeniería Civil. 
501 |a Director de Proyecto de Graduación: Ing. Erick Mata Abdelnour, PhD. 
650 |x AGREGADOS (MATERIALES DE CONSTRUCCION)  |x ESTUDIOS DE FACTIBILIDAD   |x RESISTENCIA DE MATERIALES   |x ANALISIS FINANCIERO   |x APROVECHAMIENTO DE RESIDUOS  |x MADERA  
700 |9 227  |a  Mata Abdelnour, Erick, 1973-  |d Director del TFG 
942 |c CEDI  |h TFG 8210  |6 TFG_8210_000000000000000 
999 |c 21702  |d 21702